Sastra dan masyarakat / (Record no. 43060)

MARC details
000 -LEADER
fixed length control field 00835nam a2200277 4500
001 - CONTROL NUMBER
control field C2-0137673
003 - CONTROL NUMBER IDENTIFIER
control field PPAK
005 - DATE AND TIME OF LATEST TRANSACTION
control field 20220306152605.0
008 - FIXED-LENGTH DATA ELEMENTS--GENERAL INFORMATION
fixed length control field 971217s1974 my |||e ||||| 0 may d
020 ## - INTERNATIONAL STANDARD BOOK NUMBER
Qualifying information paperback
040 ## - CATALOGING SOURCE
Original cataloging agency PPAK
Language of cataloging eng
Transcribing agency PPAK
Description conventions rda
082 04 - DEWEY DECIMAL CLASSIFICATION NUMBER
Classification number 899.23
Edition number 23
090 00 - LOCALLY ASSIGNED LC-TYPE CALL NUMBER (OCLC); LOCAL CALL NUMBER (RLIN)
Classification number (OCLC) (R) ; Classification number, CALL (RLIN) (NR) 899.23
Feature heading ISM
Feature heading KIH
Classification number (OCLC) (R) ; Classification number, CALL (RLIN) (NR) 899.23
Feature heading ISM
Feature heading KSI
Classification number (OCLC) (R) ; Classification number, CALL (RLIN) (NR) 899.23
Feature heading ISM
Feature heading KAO
100 0# - MAIN ENTRY--PERSONAL NAME
Personal name Ismail Hussein,
Titles and words associated with a name Tan Sri Datuk,
Dates associated with a name 1932- 24510
Relator term author.
245 10 - TITLE STATEMENT
Title Sastra dan masyarakat /
Statement of responsibility, etc. Ismail Hussein
264 #1 - PRODUCTION, PUBLICATION, DISTRIBUTION, MANUFACTURE, AND COPYRIGHT NOTICE
Place of production, publication, distribution, manufacture [Kuala Lumpur] :
Name of producer, publisher, distributor, manufacturer [Pustaka Bunga Raya] ,
Date of production, publication, distribution, manufacture, or copyright notice 1974
300 ## - PHYSICAL DESCRIPTION
Extent v, 130 pages ;
Dimensions 21 cm
336 ## - CONTENT TYPE
Source rdacontent
Content type term text
337 ## - MEDIA TYPE
Source rdamedia
Media type term unmediated
338 ## - CARRIER TYPE
Source rdacarrier
Carrier type term volume
650 10 - SUBJECT ADDED ENTRY--TOPICAL TERM
Topical term or geographic name entry element Malay literature
Form subdivision Societies, etc.
Topical term or geographic name entry element Malay literature
Form subdivision History and criticism
942 ## - ADDED ENTRY ELEMENTS (KOHA)
Koha item type Book
Source of classification or shelving scheme Dewey Decimal Classification
Holdings
Withdrawn Not for loan Current library Shelving location Date acquired Full call number Barcode Date last seen Koha item type Total Checkouts
  Not For Loan Perpustakaan Alor Setar Koleksi Ismail Hussein 01/09/1998 KIH 899.23 ISM A00177985 08/05/2018 Book  
  Not For Loan Perpustakaan Alor Setar Koleksi Salleh Ibrahim 02/11/2000 KSI 899.23 ISM A00210777 08/05/2018 Book  
  Not For Loan Perpustakaan Jitra Koleksi Asmah Haji Omar 13/04/2022 KAO 899.23 ISM KAO000676 13/04/2022 Book